Gavaskar : (Record no. 128775)

MARC details
000 -LEADER
fixed length control field 00809nam a22002537a 4500
003 - CONTROL NUMBER IDENTIFIER
control field 0
005 - DATE AND TIME OF LATEST TRANSACTION
control field 20180703144443.0
008 - FIXED-LENGTH DATA ELEMENTS--GENERAL INFORMATION
fixed length control field 0
010 ## - LIBRARY OF CONGRESS CONTROL NUMBER
LC control number A-782275
020 ## - INTERNATIONAL STANDARD BOOK NUMBER
Terms of availability 00.00
International Standard Book Number 9768052538
035 ## - SYSTEM CONTROL NUMBER
System control number A-782275, A-782281
037 ## - SOURCE OF ACQUISITION
Source of stock number/acquisition Cen Lib/Ret
040 ## - CATALOGING SOURCE
Original cataloging agency DPL
Language of cataloging EN
Transcribing agency 0
082 ## - DEWEY DECIMAL CLASSIFICATION NUMBER
Classification number 796.358092
Item number NAR
100 ## - MAIN ENTRY--PERSONAL NAME
Personal name Narinesingh, Clifford
9 (RLIN) 24408
245 ## - TITLE STATEMENT
Title Gavaskar :
Statement of responsibility, etc by Clifford Narinesingh
Remainder of title portrait of a hero /
260 ## - PUBLICATION, DISTRIBUTION, ETC. (IMPRINT)
Place of publication, distribution, etc West Indies
Name of publisher, distributor, etc Royards Publishing Company
Date of publication, distribution, etc 1995
270 ## - ADDRESS
Address Union Village, Claxton Bay Trinidad
300 ## - PHYSICAL DESCRIPTION
Extent xii,222p. :
Dimensions 22cm(Hb)
Other physical details col. ill.
500 ## - GENERAL NOTE
General note Includes bibliographical references and index <br/>
650 ## - SUBJECT ADDED ENTRY--TOPICAL TERM
Topical term or geographic name as entry element Cricket players -- India -- Biography
9 (RLIN) 24409
650 ## - SUBJECT ADDED ENTRY--TOPICAL TERM
Topical term or geographic name as entry element Cricket players
9 (RLIN) 24410
942 ## - ADDED ENTRY ELEMENTS (KOHA)
Source of classification or shelving scheme Dewey Decimal Classification
Koha item type English Books
Classification part 796.358092
Call number suffix NAR
Holdings
Withdrawn status Lost status Damaged status Not for loan Home library Current library Date acquired Source of acquisition Cost, normal purchase price Total Checkouts Full call number Barcode Date last seen Copy number Cost, replacement price Price effective from Koha item type Public note Source of classification or shelving scheme Collection code
Written off       Central Library Central Library 03/07/2015 Cen Lib/Ret 0.00   796.358092 NAR A-782275 03/07/2015 1 0.00 03/07/2015 English Books Written off on approval by DLB (By Circulation); dtd 15-06-2023    
        Patel Nagar Patel Nagar 03/07/2018 BPPD/Pub 0.00   796.358092 NAR A-782281 03/07/2018   0.00 03/07/2018 English Books   Dewey Decimal Classification Non-fiction

© Delhi Public Library
Hit Counter
free hit counter